| 000 | 02855nam a22005897a 4500 | ||
|---|---|---|---|
| 001 | 000046552 | ||
| 003 | CHAP | ||
| 005 | 20220817042448.0 | ||
| 008 | 971013s1979 r 00010 d | ||
| 010 | _a45493 | ||
| 011 | _a46465 | ||
| 035 | _a50606 | ||
| 040 | _cCHAP | ||
| 082 | 0 | 4 |
_a634.95 _bU3 |
| 110 | 2 | _aUACH. Departamento de Bosques | |
| 245 | 1 | 0 | _aApuntes del curso de silvicultura III. |
| 260 |
_aChapingo, MMéx. : _bDepartamento de Bosques, _c1979. |
||
| 300 | _apág. varía. | ||
| 505 | _aContenido: Semillas forestales, por Aníbal Niembro Rocas.- Viveros y plantaciones forestales, por Miguel Angel Musalem Santiago y Aurelioi Manuel Fierros González | ||
| 590 |
_aBATCH-UPD _b10 _c20130110 _lUCH01 _h1701 |
||
| 590 |
_aBATCH-UPD _b10 _c20130410 _lUCH01 _h1049 |
||
| 590 |
_aBATCH-UPD _b10 _c20130914 _lUCH01 _h1730 |
||
| 590 |
_aCONVERSION _b10 _c20130109 _lUCH01 _h1325 |
||
| 590 |
_aE5995AHE _b05 _c20150325 _lUCH01 _h1301 |
||
| 650 | 1 | 4 |
_aSemillas forestales. _9103935 |
| 650 | 1 | 4 |
_aSilvicultura _xPublicaciones periódicas. _9106124 |
| 650 | 1 | 4 |
_aViveros forestales. _9120100 |
| 700 | 0 |
_aFierros González, Aurelio M. _940785 |
|
| 700 | 0 |
_aMusálem Santiago, Miguel Angel. _979897 |
|
| 901 | _aBK | ||
| 942 | _cLIBRO | ||
| 942 | _n0 | ||
| 949 |
_a634.95 U3 _bBC _cLIBRO _d33724000235685 _eLIBRO _h48011 _i50606 _mD _si |
||
| 949 |
_a634.95 U3 _bBC _cLIBRO _d33724000235693 _eLIBRO _fc.2 _h48012 _i50606 _mD _si |
||
| 949 |
_a634.95 U3 _bBC _cLIBRO _d33724000235701 _eLIBRO _fc.3 _h48013 _i50606 _si |
||
| 949 |
_a634.95 U3 _bBC _cLIBRO _d33724000235727 _eLIBRO _fc.5 _h48015 _i50606 _mD _si |
||
| 949 |
_a634.95 U3 _bBC _cLIBRO _d33724000235735 _eLIBRO _fc.6 _h48016 _i50606 _mD _si |
||
| 949 |
_a634.95 U3 _bBC _cLIBRO _d33724000235743 _eLIBRO _fc.7 _h48017 _i50606 _mD _si |
||
| 949 |
_a634.95 U3 _bBC _cLIBRO _d33724000235750 _eLIBRO _fc.8 _h48018 _i50606 _mD _si |
||
| 949 |
_a634.95 U3 _bBC _cLIBRO _d33724000235768 _eLIBRO _fc.9 _h48019 _i50606 _mD _si |
||
| 949 |
_a634.95 U3 _bBC _cLIBRO _d33724000235784 _eLIBRO _fc.15 _h48025 _i50606 _mD _si |
||
| 949 |
_a634.95 U3 _bBC _cLIBRO _d33724000235792 _eLIBRO _fc.11 _h48021 _i50606 _mD _si |
||
| 949 |
_a634.95 U3 _bBC _cLIBRO _d33724000235818 _eLIBRO _fc.13 _h48023 _i50606 _mD _si |
||
| 949 |
_a634.95 U3 _bBC _cLIBRO _d33724000767422 _eLIBRO _fc.19 _h48029 _i50606 _mD _si |
||
| 949 |
_a634.95 U3 _bBC _cLIBRO _d33724000925319 _eLIBRO _fc.12 _h48022 _i50606 _mD _si |
||
| 949 |
_a634.95 U3 _bBC _cLIBRO _d33724000939534 _eLIBRO _fc.10 _h48020 _i50606 _mD _si |
||
| 949 |
_a634.95 U3 _bBC _cLIBRO _d33724000987335 _eLIBRO _fc.4 _h48014 _i50606 _si |
||
| 949 |
_a634.95 U3 _bBC _cLIBRO _d33724002063603 _eLIBRO _fc.14 _h48024 _i50606 _mD _si |
||
| 949 |
_a634.95 U3 _bBC _cLIBRO _d33724002329538 _eLIBRO _fc.16 _h48026 _i50606 _si |
||
| 949 |
_a634.95 U3 _bBC _cMUT _d-115439 _eMUT _fc.18 _h48028 _i50606 _mD _si |
||
| 949 |
_a634.95 U3 _bBC _cUACH _d33724000235842 _eUACH _fc.20 _h48030 _i50606 _mD _sb |
||
| 999 |
_c45493 _d45493 |
||